Modern Control Engineering / (Record no. 36350)

MARC details
000 -LEADER
fixed length control field 00494nam a22001817a 4500
005 - DATE AND TIME OF LATEST TRANSACTION
control field 20240808130657.0
008 - FIXED-LENGTH DATA ELEMENTS--GENERAL INFORMATION
fixed length control field 240808b |||||||| |||| 00| 0 eng d
020 ## - INTERNATIONAL STANDARD BOOK NUMBER
ISBN 81-317-0311-8
082 ## - DEWEY DECIMAL CLASSIFICATION NUMBER
Classification number 629.8
Item number OGA-M
100 ## - MAIN ENTRY--AUTHOR
Author Name Ogata, Katsuhiko
245 ## - TITLE STATEMENT
Title Modern Control Engineering /
Statement of responsibility, etc. by Katsuhiko Ogata
250 ## - EDITION STATEMENT
Edition statement 4th ed.
260 ## - PUBLICATION, DISTRIBUTION, ETC.
Place of Publication India :
Name of publisher, distributor, etc. Prentice Hall ;
Date of publication, distribution, etc. 2002 .
300 ## - PHYSICAL DESCRIPTION
Pages 976 p. :
500 ## - GENERAL NOTE
General note Include Index.
650 ## - SUBJECT ADDED ENTRY--TOPICAL TERM
Subject / Department Electrical/Engineering
300 ## - PHYSICAL DESCRIPTION
-- 23.5 cm.
952 ## - LOCATION AND ITEM INFORMATION (KOHA)
-- 0
-- 0
952 ## - LOCATION AND ITEM INFORMATION (KOHA)
-- 0
-- 0
952 ## - LOCATION AND ITEM INFORMATION (KOHA)
-- 0
-- 0
Holdings
Lost status Damaged status Collection code Permanent Location Current Location Shelving Location Date acquired Full Call Number Accession No./Barcode Date last seen Copy number item type Koha item type
    Engineering Superior Information Resource Center (SIRC) Superior University- Central Library Superior Information Resource Center (SIRC) Superior University- Central Library Electrical 08/08/2024 629.8 OGA-M 2007 1260 08/08/2024 1 BOOK BOOK
    Engineering Superior Information Resource Center (SIRC) Superior University- Central Library Superior Information Resource Center (SIRC) Superior University- Central Library Electrical 08/08/2024 629.8 OGA-M 2007 1264 08/08/2024 2 BOOK BOOK
    Engineering Superior Information Resource Center (SIRC) Superior University- Central Library Superior Information Resource Center (SIRC) Superior University- Central Library Electrical 08/08/2024 629.8 OGA-M 2007 1265 08/08/2024 3 BOOK BOOK

Powered by Koha